Score 0/25 Timer 06:00
3 Plays Today
Column Famous Person % Correct
Abigail Adams
92.4%
Robert Frost
90.6%
Miley Cyrus
90%
T.S. Eliot
89.4%
Martin Luther King, Jr.
87.4%
Rutherford B. Hayes
85.2%
Franklin Pierce
83.9%
Eli Whitney
82.1%
J.D. Salinger
79.3%
Bob Dole
71.2%
Rihanna
71.1%
Stephen Hawking
70.7%
Charles Darwin
68.9%
Column Famous Person % Correct
Orville Wright
62.3%
P.T. Barnum
59.4%
Ralph Nader
55.4%
Buzz Aldrin
53.7%
Wolfgang Mozart
48.7%
Arnold Schwarzenegger
47.5%
Al Gore
47.3%
Warren Buffett
45.2%
Albert Einstein
44.8%
Aaron Burr
36.7%
Cher
8.9%
Nicolaus Copernicus
6.9%
Remove Ads.
Support Sporcle.
Get the best of Sporcle when you Go Orange. This ad-free experience offers more features, more stats, and more fun while also helping to support Sporcle. Thank you for becoming a member.

You're not logged in!

Compare scores with friends on all Sporcle quizzes.
OR
Log In

Show Comments

Extras

Top Quizzes Today


Score Distribution

Your Account Isn't Verified!

In order to create a playlist on Sporcle, you need to verify the email address you used during registration. Go to your Sporcle Settings to finish the process.

Report this User

Report this user for behavior that violates our Community Guidelines.

Details: